| 000 | 00600nam a2200193Ia 4500 | ||
|---|---|---|---|
| 005 | 20250326144756.0 | ||
| 008 | 250326s9999 xx 000 0 und d | ||
| 020 | _a1-84064-559-8 | ||
| 037 | _aTextbook | ||
| 040 |
_aFMSL _beng _cFMSL |
||
| 041 |
_aeng _2eng |
||
| 084 |
_aXobF P1 _qFMSL |
||
| 100 |
_aMarsili Oritta _9750088 |
||
| 245 | 0 |
_aAnatomy and evolution of industries:Technological change and industrial dynamics _cMarsili Oritta |
|
| 260 |
_aUnited Kingdom _bUnited Kingdom, Edward Elgar _c2001 |
||
| 300 | _axvii,298 | ||
| 942 |
_cTB _hXobF P1 |
||
| 999 |
_c1305005 _d1305005 |
||